An introduction to psycholinguistics

Enregistré dans:
Détails bibliographiques
Auteur principal: Danny D. Steinberg
Format: Livre
Langue:Undetermined
Publié: London Longman
Sujets:
Tags: Ajouter un tag
Pas de tags, Soyez le premier à ajouter un tag!
Thư viện lưu trữ: Trung tâm Học liệu Trường Đại học Cần Thơ
LEADER 00434nam a2200157Ia 4500
001 CTU_652
008 210402s9999 xx 000 0 und d
082 |a 401.9 
082 |b S819 
100 |a Danny D. Steinberg 
245 3 |a An introduction to psycholinguistics 
245 0 |c Danny D. Steinberg 
260 |a London 
260 |b Longman 
650 |a language and languages 
980 |a Trung tâm Học liệu Trường Đại học Cần Thơ